[Event "SV Castrop-Rauxel 1 - Oberhausener SV 1"]
[Site "Stichkampf, NRW-Klasse 2012/2"]
[Date "2013.05.12"]
[Round "1.8"]
[White "Kock, Wolfgang"]
[Black "Voge, Andreas"]
[Result "1/2-1/2"]
[WhiteElo "2024"]
[BlackElo "2085"]
[PlyCount "82"]
[EventDate "2013.??.??"]
[WhiteTeam "SV Castrop-Rauxel 1"]
[BlackTeam "Oberhausener SV 1"]

1. c4 e5 2. Nc3 Nf6 3. g3 g6 4. Bg2 Bg7 5. d3 O-O 6. Nf3 Nc6 7. O-O d6 8. Rb1
h6 9. b4 Bg4 10. h3 Be6 11. b5 Ne7 12. a4 Qd7 13. Kh2 Rad8 14. Ba3 Rfe8 15. Nd2
d5 16. Bxe7 Qxe7 17. cxd5 Nxd5 18. Nxd5 Bxd5 19. Bxd5 Rxd5 20. Qb3 Red8 21.
Rbc1 h5 22. Rc4 Bh6 23. Nf3 R8d7 24. Re4 Qf6 25. Qc3 Re7 26. Kg2 Qd6 27. Qb3 c6
28. bxc6 Qxc6 29. Qb4 Rc7 30. Kg1 Bg7 31. Rb1 b6 32. Rc4 Rc5 33. Rbc1 Bf8 34.
Qb3 e4 35. Nd4 Qd7 36. Kg2 exd3 37. exd3 Qd5+ 38. Nf3 Rd7 39. d4 Rxc4 40. Qxc4
Be7 41. Qe2 Bf6 1/2-1/2